|
|
|
|
| LEADER |
00000nas a2200000 a 4500 |
| 001 |
ssj0005017 |
| 003 |
WaSeSS |
| 005 |
20200512172242.0 |
| 006 |
m d |
| 007 |
cr n |
| 008 |
980507c19859999paubx pss 0 a0eng c |
| 010 |
|
|
|a 2007215280
|
| 015 |
|
|
|a GBB611683
|2 bnb
|
| 016 |
7 |
|
|a 016008413
|2 Uk
|
| 022 |
|
|
|a 1940-3356
|l 0883-2323
|y 0883-2323
|
| 035 |
|
|
|a (WaSeSS)ssj0005017
|
| 037 |
|
|
|b Heldref Publications, 1319 Eighteenth St., N.W., Washington, DC 20036-1806
|
| 040 |
|
|
|a FGA
|b eng
|e pn
|c FGA
|d OCL
|d OCLCQ
|d NSD
|d OCLCQ
|d UKMGB
|d OCLCQ
|d OCLCO
|d OCLCQ
|d OCLCF
|d DLC
|d OCLCO
|d UKBOL
|d OCLCQ
|d NLE
|d AU@
|d VT2
|d DLC
|d WaSeSS
|
| 042 |
|
|
|a pcc
|a nsdp
|
| 050 |
0 |
0 |
|a HF1101
|
| 082 |
1 |
0 |
|a 650
|2 14
|
| 130 |
0 |
|
|a Journal of education for business (Online)
|
| 222 |
|
0 |
|a Journal of education for business
|b (Online)
|
| 245 |
1 |
0 |
|a Journal of education for business
|h [electronic resource].
|
| 260 |
|
|
|a Washington, DC :
|b HELDREF Publications
|
| 260 |
|
|
|3 <2010-> :
|a [Philadelphia, PA] :
|b Routledge, Taylor & Francis Group
|
| 310 |
|
|
|a 8 issues per year,
|b 2014-
|
| 321 |
|
|
|a Bimonthly,
|b -2013
|
| 362 |
1 |
|
|a Print began with vol. 61, no. 1 (Oct. 1985).
|
| 506 |
|
|
|a License restrictions may limit access.
|
| 538 |
|
|
|a Mode of access: World Wide Web.
|
| 588 |
|
|
|a Description based on: Vol. 69, issue 3 (Jan. 1994); title from available issues screen (viewed May 5, 1998).
|
| 588 |
|
|
|a Latest issue consulted: Vol. 95, no. 4 (2020) (Taylor & Francis Online, viewed April 8, 2020).
|
| 650 |
|
0 |
|a Business education
|v Periodicals.
|
| 650 |
|
7 |
|a Business education.
|2 fast
|0 (OCoLC)fst00842480
|
| 653 |
|
|
|a Business, management and economics
|
| 655 |
|
0 |
|a Electronic journals.
|
| 776 |
1 |
|
|t Journal of education for business
|x 0883-2323
|w (DLC) 86641278
|w (OCoLC)12093834
|
| 780 |
0 |
0 |
|t Journal of business education
|x 2374-7080
|w (DLC) 2014203197
|w (OCoLC)609517945
|
| 850 |
|
|
|a DLC
|
| 856 |
4 |
0 |
|z Full text available from Research Library: 01/01/1994 to 11/30/2010
|u https://search.proquest.com/publication/41304
|